Manažéri: "Nechajte sa viesť"
Osoba manažéra z pohľadu vzdelania, zručnosti komunikácie, ovládania cudzích jazykov, práce s informáciami, logického myslenia. Aký je manažér na Slovensku, v Rusku a v USA.
Saved in:
| Main Author: | |
|---|---|
| Other Authors: | |
| Format: | Book Chapter |
| Language: | Slovak |
| Subjects: | |
| Tags: |
No Tags, Be the first to tag this record!
|
MARC
| LEADER | 00000naa a2200000 4500 | ||
|---|---|---|---|
| 001 | r047661 | ||
| 005 | 20230908082224.2 | ||
| 041 | 0 | |a slo | |
| 044 | |a SK | ||
| 245 | 1 | 0 | |a Manažéri: "Nechajte sa viesť" |c Júlia Kováčová, Juraj Kantorík |
| 520 | |a Osoba manažéra z pohľadu vzdelania, zručnosti komunikácie, ovládania cudzích jazykov, práce s informáciami, logického myslenia. Aký je manažér na Slovensku, v Rusku a v USA. | ||
| 610 | 2 | 0 | |a manažéri |
| 610 | 2 | 0 | |a povolania |
| 610 | 2 | 0 | |a vzdelanosť |
| 610 | 2 | 0 | |a Slovensko |
| 610 | 2 | 0 | |a Rusko |
| 610 | 2 | 0 | |a USA |
| 100 | 1 | |a Kováčová, Júlia | |
| 700 | 1 | |a Kantorík, Juraj | |